The transcendental temptation / (Record no. 523624)

000 -LEADER
fixed length control field 01160cam a2200361 i 4500
001 - CONTROL NUMBER
control field 17823665
003 - CONTROL NUMBER IDENTIFIER
control field NUST
005 - DATE AND TIME OF LATEST TRANSACTION
control field 20190516074919.0
008 - FIXED-LENGTH DATA ELEMENTS--GENERAL INFORMATION
fixed length control field 130723s2013 nyu b 001 0 eng
010 ## - LIBRARY OF CONGRESS CONTROL NUMBER
LC control number 2013022404
020 ## - INTERNATIONAL STANDARD BOOK NUMBER
International Standard Book Number 9781616148270 (pbk.)
020 ## - INTERNATIONAL STANDARD BOOK NUMBER
Canceled/invalid ISBN 9781616148287 (ebook)
038 ## - RECORD CONTENT LICENSOR
Staff Name waseem
040 ## - CATALOGING SOURCE
Original cataloging agency DLC
Language of cataloging eng
Transcribing agency DLC
Description conventions rda
Modifying agency DLC
042 ## - AUTHENTICATION CODE
Authentication code pcc
050 00 - LIBRARY OF CONGRESS CALL NUMBER
Classification number BL2775.3
Item number .K87 2013
082 00 - DEWEY DECIMAL CLASSIFICATION NUMBER
Classification number 210
Author Mark KUR
100 1# - MAIN ENTRY--PERSONAL NAME
Personal name Kurtz, Paul,
Dates associated with a name 1925-2012.
9 (RLIN) 14366
245 14 - TITLE STATEMENT
Title The transcendental temptation /
Statement of responsibility, etc. Paul Kurtz.
264 #1 - PRODUCTION, PUBLICATION, DISTRIBUTION, MANUFACTURE, AND COPYRIGHT NOTICE
Place of production, publication, distribution, manufacture Amherst, NY :
Name of producer, publisher, distributor, manufacturer Prometheus Books,
Date of production, publication, distribution, manufacture, or copyright notice 1991.
300 ## - PHYSICAL DESCRIPTION
Extent 604 pages ;
Dimensions 23 cm
336 ## - CONTENT TYPE
Content type term text
Source rdacontent
337 ## - MEDIA TYPE
Media type term unmediated
Source rdamedia
338 ## - CARRIER TYPE
Carrier type term volume
Source rdacarrier
504 ## - BIBLIOGRAPHY, ETC. NOTE
Bibliography, etc. note Includes bibliographical references (pages 569-585) and index.
650 #0 - SUBJECT ADDED ENTRY--TOPICAL TERM
Topical term or geographic name entry element Skepticism.
9 (RLIN) 14367
650 #0 - SUBJECT ADDED ENTRY--TOPICAL TERM
Topical term or geographic name entry element Religion
Form subdivision Controversial literature.
9 (RLIN) 14368
650 #0 - SUBJECT ADDED ENTRY--TOPICAL TERM
Topical term or geographic name entry element Parapsychology.
9 (RLIN) 1784
650 #0 - SUBJECT ADDED ENTRY--TOPICAL TERM
Topical term or geographic name entry element Occultism.
9 (RLIN) 10113
906 ## - LOCAL DATA ELEMENT F, LDF (RLIN)
a 7
b cbc
c orignew
d 1
e ecip
f 20
g y-gencatlg
942 ## - ADDED ENTRY ELEMENTS (KOHA)
Source of classification or shelving scheme
Koha item type Book
Holdings
Withdrawn status Lost status Source of classification or shelving scheme Damaged status Not for loan Permanent Location Current Location Date acquired Total Checkouts Total Renewals Full call number Barcode Checked out Date last seen Date last checked out Price effective from Koha item type
          Central Library (CL) Central Library (CL) 05/16/2019 1 3 210 KUR CL-E-2083 04/15/2026 09/01/2025 09/01/2025 05/16/2019 Book
© 2023 Central Library, National University of Sciences and Technology. All Rights Reserved.